000 00972cam a22002414a 4500
005 20160331153108.0
008 010905s2001 gw a b 001 0 eng
020 _a3540414762
040 _aDLC
_cDLC
_dDLC
_dCO-BoIAVH
041 0 _aeng
044 _agx
082 0 4 _a526.0285
_bC55t
100 1 _aChristakos, George.
_916981
245 1 0 _aTemporal GIS :
_badvanced functions for field-based applications /
_cGeorge Christakos, Patrick Bogaert, Marc L. Serre.
260 _aBerlin :
_aNew York :
_bSpringer,
_cc2001.
300 _axii, 217 páginas :
_bilustraciones ;
_c24 x 16 centímetros +
_e1 CD-ROM (4 3/4 pulgadas)
504 _aIncluye referencias bibliográficas (páginas [209]-213) e índice.
650 6 _aSistemas de información geográfica
_xStatistical methods.
_964840
650 0 _aBayesian statistical decision theory.
_964841
700 1 _aBogaert, Patrick,
_d1966-
_eautor
_964842
700 1 _aSerre, Marc L.,
_d1967-
_eautor
_964843
942 _2ddc
_cLIBRO
999 _c2676
_d2676